Представление документа в формате MARC21

Поле Инд. ПП Название Значение
Тип записи a
Библиографический уровень a
001 Контрольный номер 0d655eea99e54da38e271f596cb3b5b6
005 Дата корректировки 20221206130425.5
041 0_ a Код языка текста rus
080 a Индекс УДК 69.01
097 b Оператор *Т*
100 1_ a Автор Иванов М.В.
245 10 a Заглавие Применение канализационных насосных станций в строительстве
b Продолж. заглавия статья
p Название части/ раздела - Текст : электронный
260 a Место издания Тверь
b Издательство ТвГТУ
520 0_ a Аннотация описано строение современной канализационной станции. Перечислены основные преимущества применения канализационных насосных станций. Приведен пример использования в строительстве указанной насосной станции.
653 0_ a Ключевые слова канализационная насосная станция, мелкозернистый карбонатный бетон, долговечность, строительство
773 18 w Контрольный № источника 74cd496a560f49228f2dfd741c32ff31
t Название источника Теоретические исследования и экспериментальные разработки студентов и аспирантов : материалы Всероссийской (национальной) научно-практической конференции, 2022 г., Тверь : в 2 частях / под редакцией Т.Б. Новиченковой
d Место и дата издания Тверь : Тверской государственный технический университет, 2022
g Прочая информация Ч. 2. - С. 41-44
773 18 z ISBN 978-5-7995-1232-3
901 t Тип документа a
905 a Дата создания записи 28.10.22
950 a Редактор записи ст